| 000 | 00847cam a2200277 i 4500 | ||
|---|---|---|---|
| 999 |
_c18542 _d18542 |
||
| 001 | 4660454 | ||
| 003 | BDDh-ASL | ||
| 005 | 20231015025719.0 | ||
| 008 | 791029s1979 ii b 001 0 eng | ||
| 010 | _a 79901842 | ||
| 020 | _cRs75.00 | ||
| 040 |
_aDLC _cDLC _dBDDh-ASL |
||
| 043 |
_aa------ _aa-ii--- |
||
| 050 | 0 | 0 |
_aDS445 _b.T73 |
| 082 | 0 | 0 |
_a954 _bMOT |
| 245 | 0 | 0 |
_aTradition and politics in South Asia / _cedited by R. J. Moore. |
| 260 |
_aNew Delhi : _bVikas, _cc1979. |
||
| 300 |
_axxii, 266 p. ; _c22 cm. |
||
| 504 | _aIncludes bibliographical references and index. | ||
| 650 | 0 | _aHindu civilization. | |
| 651 | 0 |
_aIndia _xPolitics and government. |
|
| 651 | 0 |
_aSouth Asia _xPolitics and government. |
|
| 700 | 1 |
_aMoore, R. J. _q(Robin James), _d1934- |
|
| 906 |
_a7 _bcbc _corignew _d2 _encip _f19 _gy-gencatlg |
||
| 942 |
_2ddc _cBK |
||